Colombia Departments Bordering the Atlantic Ocean - Statistics

General Stats
  • This quiz has been taken 6 times
  • The average score is 7 of 8
Answer Stats
Department % Correct
Atlántico
100%
Bolívar
100%
Córdoba
100%
La Guajira
100%
Magdalena
100%
Antioquia
83%
Sucre
83%
Chocó
67%
No matching quizzes found
Score Distribution
Percent of People with Each Score
Percentile by Number Answered
Your Score History
You have not taken this quiz